Berühmte Christians - Statistiken

Allgemein
  • Dieses Quiz wurde 227 mal gespielt
  • Das Durchschnittsergebnis liegt bei 7 aus 20
Antwortstatistiken
Hinweis Christian % Korrekt
seit 2021 Finanzminister Christian Lindner
78%
Bundespräsident von 2010-12 Christian Wulff
77%
Fußballtrainer des SC Freiburg Christian Streich
61%
Schauspieler und Komiker ("Der Schuh des Manitu", "Hubert und Staller") Christian Tramitz
60%
Ex-Skirennläufer, 6x Slalomsieger Christian Neureuther
52%
Virologe und Regierungsberater Christian Drosten
48%
Ex-Fußballer (u.a. Bayern, Milan, Liverpool), Europameister 1996 Christian Ziege
45%
Fußballer, Kapitän des SC Freiburg Christian Günter
42%
Fernsehkoch aus dem Saarland Christian Rach
38%
bis 2014 Oberbürgermeister Münchens Christian Ude
32%
Moderator und Schauspieler ("Jerks") Christian Ulmen
31%
Schauspieler, Martin Rombach in "Forsthaus Falkenau" Christian Wolff
25%
Moderator von "extra 3" Christian Ehring
23%
Ex-Fußballer (Bayern, BVB, Rangers, K'lautern, Nationalelf) und Sportdirektor Christian Nerlinger
19%
Schauspieler ("Der Kriminalist", "Das Experiment") Christian Berkel
14%
ZDF-Nachrichtensprecher (heute-journal) Christian Sievers
14%
Humoristischer Dichter ("Galgenlieder") Christian Morgenstern
11%
Ex-Leichtathlet, Olympiasieger im Zehnkampf 1988 Christian Schenk
6%
Synchronsprecher für Robert De Niro Christian Brückner
4%
"Big Brother"-Teilnehmer, Nominator ("Es ist geil ein Arschloch zu sein") Christian Möllmann
3%
Keine übereinstimmenden Quizze gefunden
Verteilung der Resultate
Anzahl Personen mit jedem Resultat
Perzentil nach korrekt beantworteten Fragen
Ihre Resultats-Entwicklung
Sie haben dieses Quiz noch nicht gespielt